000 00571nam a2200241 a 4500
001 nice12345678
003 IN_TiNIC
005 20260116015151.0
008 050524s1954 lona grp 000 0 eng
020 _a
_c100
082 0 0 _a248.22
_bGRI
100 _aGriffiths, Bede
245 _aGolden String
260 _aLondon
_bHarvill Press
_c1954
300 _a168p
500 _aincludes index and biblioraphy
505 2 _aBibliography
650 _aMysticism-Christianity
700 1 _aGriffiths, Bede
902 _bSRS
942 _cBK
999 _c18582
_d18582